| 000 | 02244nam a2200457 c 4500 | ||
|---|---|---|---|
| 001 | 53761 | ||
| 003 | ES-MaCES | ||
| 005 | 20250625111435.0 | ||
| 007 | cr ||||||||||| | ||
| 008 | 250625s2024 sp o100 | spa d | ||
| 017 |
_aM 27628-2024 _bDL |
||
| 020 | _a9788484176367 | ||
| 024 | 7 |
_a117-25-001-5 _2nipo |
|
| 024 | 7 |
_a117-25-002-0 _2nipo pdf |
|
| 040 |
_aES-MaCES _bspa _cES-MaCES |
||
| 111 | 2 |
_aJornadas de Estudio sobre Negociación Colectiva _n36ª _d2023 _cMadrid _941397 |
|
| 245 | 1 | 3 |
_aUn primer análisis del V Acuerdo para el Empleo y la Negociación Colectiva _cXXXVI Jornada de Estudio sobre Negociación Colectiva [celebrada en Madrid, 15 de nov. de 2023] ; ed. preparada por la Comisión Consultiva Nacional de Convenios Colectivos |
| 260 |
_aMadrid _bMinisterio de Trabajo y Economía Social, Subdirección General de Informes, Recursos y Publicaciones _c[2024] |
||
| 300 |
_a142 p _c22 cm _e1 documento pdf (726 kb) |
||
| 490 | 1 |
_aColección Informes y estudios. Serie Relaciones laborales _v141 |
|
| 541 | _cCompra | ||
| 650 | 4 |
_aempleo _928299 |
|
| 650 | 4 |
_anegociación colectiva _928362 |
|
| 650 | 4 |
_aconcertación social _930664 |
|
| 650 | 4 |
_aconcertación tripartita _930936 |
|
| 650 | 4 |
_arelaciones laborales _928369 |
|
| 650 | 4 |
_acondiciones de trabajo _928327 |
|
| 650 | 4 |
_acondiciones de empleo _930040 |
|
| 650 | 4 |
_aacuerdo colectivo de empresa _931121 |
|
| 650 | 4 |
_aEspaña _926964 |
|
| 650 | 4 |
_927013 _aconferencia |
|
| 653 | 1 | 0 | _aRelaciones laborales-Empleo |
| 710 | 1 |
_aComisión Consultiva Nacional de Convenios Colectivos (España) _eed. lit. _92011 |
|
| 710 | 1 |
_aEspaña _bMinisterio de Trabajo y Economía Social _939731 |
|
| 787 | 0 |
_tLa negociación colectiva en la reforma laboral 2021 _w(ES-MaCES)53105 |
|
| 830 | 0 |
_aColección Informes y estudios (España. Ministerio de Trabajo y Economía Social) _pSerie Relaciones laborales _v141 _939985 |
|
| 856 | 4 |
_uhttp://biblioteca.ces.es/repintra/B53761.pdf _ytexto completo _z[intranet] |
|
| 856 | 4 |
_uhttps://www.mites.gob.es/es/sec_trabajo/ccncc/B_Actuaciones/Jornadas/LibrosJornadas.htm _zColección de Jornadas sobre Negociación Colectiva a texto completo desde la II Jornada (1989) |
|
| 902 | _aLIB Libro | ||
| 942 |
_2CES _cBK _h2.0. |
||
| 999 |
_c53761 _d53761 |
||